La información en el nuevo orden internacional /

Trabajo colectivo que en la década de los 70 realizó un grupo interdisciplinario en torno a la hegemonía de las agencias de información internacionales en la generación de noticias y su colaboración con los gobiernos hegemónicos de ese entonces. Entre los autores que aquí participan están: Herbert S...

Celý popis

Uloženo v:
Podrobná bibliografie
Hlavní autor: Reyes Matta, Fernando (ed.)
Médium: Kniha
Jazyk:španělština
Vydáno: México : Instituto Latinoamericano de Estudios Transnacionales, 1977, c1977
Témata:
Tagy: Přidat tag
Žádné tagy, Buďte první, kdo vytvoří štítek k tomuto záznamu!

MARC

LEADER 00000nam^a2200000^a^4500
001 000184474
005 20250521000000.0
009 20260310102116.075
037 |a Acervo ITESO - Biblioteca 
041 |a ESP 
082 |a 302. 23134  |b REY 
100 |a Reyes Matta, Fernando  |e (ed.) 
245 1 3 |a La información en el nuevo orden internacional /  |c Ed. de F. Reyes Matta. 
264 4 |a México :  |b Instituto Latinoamericano de Estudios Transnacionales,  |c 1977, c1977 
300 |a 260 p. 
336 |a texto  |b txt  |2 rdacontenido 
337 |a sin mediación  |b n  |2 rdamedio 
338 |a volumen  |b nc  |2 rdasoporte 
520 |a Trabajo colectivo que en la década de los 70 realizó un grupo interdisciplinario en torno a la hegemonía de las agencias de información internacionales en la generación de noticias y su colaboración con los gobiernos hegemónicos de ese entonces. Entre los autores que aquí participan están: Herbert Schiller, Armand Mattelart y Reginald Green. 
649 |a XX 
650 |a Agencias de Información -  |x Tema Principal 
650 |a Transnacionales 
650 |a Periodismo 
650 |a Medios de Comunicación 
650 |a Telecomunicaciones 
650 |a Mediación de la Comunicación 
650 |a Censura 
650 |a Credibilidad Política 
650 |a Credibilidad (Medios de Comunicación) 
650 |a Comunicación y Democracia 
650 |a Comunicación y Política 
650 |a Comunicación Masiva 
650 |a Hegemonía 
650 |a Nuevo Orden Mundial 
650 |a Sociología de la Comunicación 
910 |a Fondo General 
920 |a Impresos - Libros 
930 |a Colección General 
905 |a 101 
901 |a 0500125317  |b IT1  |c ACC  |u 20250521 
902 |a https://opac.biblio.iteso.mx/vufind/Record/000184474